000 00213nam a22000977a 4500
999 _c263480
_d263479
020 _a0590471570
100 _a Cynthia Voigt.
245 _aA solitary blue
260 _aNew York
_b Atheneum
_c1983.
942 _cBK